| 000 | 00809cab a2200265 4500 | ||
|---|---|---|---|
| 001 | WB2830-57 | ||
| 008 | 090401t1992 xxu||||| |||| 00| 0 eng d | ||
| 035 | _a(Sirsi) u68990 | ||
| 041 | _aeng | ||
| 245 | _aBritish Rail rabbits | ||
| 260 | _c1992 | ||
| 350 | _a0 | ||
| 490 |
_aTimes _v28 July 1992, 6(1) |
||
| 520 | _aFarmers await the outcome of a test case, due in the autumn, which is expected to establish whether British Rail is liable to pay compensation for crop damage caused by rabbits. Total damage caused by rabbits is estimated at £100m a year. | ||
| 650 | _aBRITISH RAIL | ||
| 650 | _aCLA | ||
| 650 | _aCROP DAMAGE | ||
| 650 | _aNFU | ||
| 650 | _aPESTS ACT 1954 | ||
| 650 | _aRABBITS | ||
| 650 | _aTEST CASE | ||
| 690 | _aRURAL PRACTICE | ||
| 942 | _n0 | ||
| 948 | _c04/03/1997 | ||
| 999 |
_c43326 _d43326 |
||